Construction adjudication (Record no. 104748)
[ view plain ]
| 000 -LEADER | |
|---|---|
| fixed length control field | 01239cam a2200241 4500 |
| 001 - CONTROL NUMBER | |
| control field | ##E131405 |
| 008 - FIXED-LENGTH DATA ELEMENTS--GENERAL INFORMATION | |
| fixed length control field | 050826n2005 000 0 eng u |
| 020 ## - INTERNATIONAL STANDARD BOOK NUMBER | |
| International Standard Book Number | 190438840X |
| 035 ## - SYSTEM CONTROL NUMBER | |
| System control number | (Sirsi) u131405 |
| 041 0# - LANGUAGE CODE | |
| Language code of text/sound track or separate title | eng |
| 100 1# - MAIN ENTRY--PERSONAL NAME | |
| Personal name | Entwistle, Mark |
| 245 ## - TITLE STATEMENT | |
| Title | Construction adjudication |
| Remainder of title | a CPD study pack |
| 260 ## - PUBLICATION, DISTRIBUTION, ETC. | |
| Place of publication, distribution, etc. | Reading |
| Name of publisher, distributor, etc. | College of Estate Management |
| Date of publication, distribution, etc. | 2005 |
| 300 ## - PHYSICAL DESCRIPTION | |
| Extent | 42p. ; 30cm. |
| 350 ## - PRICE (NR) (BK AM CF MU VM SE) [OBSOLETE] | |
| Price | 37 |
| 490 ## - SERIES STATEMENT | |
| Series statement | College of Estate Management CPD Study Pack |
| 520 ## - SUMMARY, ETC. | |
| Summary, etc. | In 1998 a new approach to dispute resolution was introduced to the construction industry and it has proved an outstanding success. Statutory adjudication under the Housing Grants Regeneration and Construction Act 1996 is now very firmly established as the industry's preferred method of formal dispute resolution. It is imperative that all construction professionals are conversant with the practice and procedure of this radical process. |
| 520 ## - SUMMARY, ETC. | |
| Summary, etc. | No audio tape accompanying this pack |
| 650 ## - SUBJECT ADDED ENTRY--TOPICAL TERM | |
| Topical term or geographic name entry element | CONSTRUCTION ADJUDICATION |
| 690 ## - LOCAL SUBJECT ADDED ENTRY--TOPICAL TERM (OCLC, RLIN) | |
| Topical term or geographic name as entry element | MANAGEMENT-DISPUTE AVOIDANCE, MANAGEMENT AND RESOLUTION-DISPUTE MANAGEMENT AND RESOLUTION-ALTERNATIVE DISPUTE RESOLUTION-ADJUDICATION |
| 710 2# - ADDED ENTRY--CORPORATE NAME | |
| Corporate name or jurisdiction name as entry element | College of Estate Management |
| 9 (RLIN) | 400 |
| 942 ## - ADDED ENTRY ELEMENTS (KOHA) | |
| Suppress in OPAC | 0 |
| Withdrawn status | Lost status | Damaged status | Not for loan | Home library | Current library | Shelving location | Date acquired | Cost, normal purchase price | Total Checkouts | Full call number | Barcode | Date last seen | Date last checked out | Copy number | Cost, replacement price | Price effective from | Koha item type | Source of classification or shelving scheme |
|---|---|---|---|---|---|---|---|---|---|---|---|---|---|---|---|---|---|---|
| Lost | London | London | Missing | 01/02/2006 | 37.00 | 16 | BASEMENT 6 | 30071506 | 06/08/2019 | 03/12/2007 | 1 | 37.00 | 06/08/2019 | Audio | ||||
| London | London | Enquiry desk | 01/02/2006 | 37.00 | 35 | BASEMENT 6 | 30071507 | 06/08/2019 | 02/12/2009 | 2 | 37.00 | 06/08/2019 | Audio | Dewey Decimal Classification | ||||
| London | London | Enquiry desk | 01/02/2006 | 37.00 | 35 | BASEMENT 6 | 30071508 | 06/08/2019 | 29/01/2010 | 3 | 37.00 | 06/08/2019 | Audio | Dewey Decimal Classification |